Capitales d’Asie - Statistiques

Statistiques générales
  • Ce quiz a été pris 258 fois
  • Le résultat moyen est 32 sur 50
Statistiques - réponses
Hint Réponse % Correct
Chine Pékin
93%
Japon Tokyo
93%
Inde New Delhi
88%
Israël Jérusalem
87%
Russie Moscou
87%
Corée du Sud Séoul
87%
Afghanistan Kaboul
85%
Singapour Singapour
85%
Turquie Ankara
83%
Irak Bagdad
81%
Indonésie Jakarta
80%
Corée du Nord Pyongyang
80%
Liban Beyrouth
79%
Arabie Saoudite Riyad
79%
Thaïlande Bangkok
78%
Iran Téhéran
77%
Koweït Koweït
76%
Qatar Doha
75%
Hong Kong Hong Kong
74%
Azerbaïjan Bakou
73%
Arménie Erevan
71%
Vietnam Hanoï
71%
Pakistan Islamabad
70%
Malaisie Kuala Lumpur
70%
Bangladesh Dacca
69%
Syrie Damas
68%
Taïwan Taipei
68%
Mongolie Oulan-Bator
67%
Géorgie Tbilissi
66%
Jordanie Amman
65%
Philippines Manille
65%
Cambodge Phnom Penh
62%
Kazakhstan Astana
61%
Népal Katmandou
61%
Yémen Sanaa
55%
Émirats Arabes Unis Abu Dhabi
54%
Maldives Malé
53%
Laos Vientiane
53%
Bahreïn Manama
51%
Ouzbékistan Tachkent
50%
Kirghizistan Bichkek
47%
Oman Mascate
46%
Timor Oriental Dili
41%
Tadjikistan Douchanbé
41%
Turkménistan Achgabat
40%
Bhoutan Thimphou
39%
Sri Lanka Sri Jayawardenapura Kotte
37%
Brunéi Darussalam Bandar Seri Begawan
35%
Palestine Jérusalem-Est / Ramallah
27%
Myanmar Nay Pyi Taw
4%
Aucun quiz correspondant
Distribution des résultats
% des personnes avec chaque résultat
Percentile par nombre de réponses
Votre historique - résultats
Vous n’avez pas pris ce quiz